Mon Nadiyedi (Record no. 3807)

MARC details
000 -LEADER
fixed length control field 00454cam a2200193ua 4500
001 - CONTROL NUMBER
control field 3987
005 - DATE AND TIME OF LATEST TRANSACTION
control field 20260515113751.0
008 - FIXED-LENGTH DATA ELEMENTS--GENERAL INFORMATION
fixed length control field 111212n ii |||gr||||Z||||||asm
040 ## - CATALOGING SOURCE
Transcribing agency MAIN
082 ## - DEWEY DECIMAL CLASSIFICATION NUMBER
Classification number 891.4511
100 1# - MAIN ENTRY--PERSONAL NAME
Personal name Baruah, Mausum,
245 11 - TITLE STATEMENT
Title Mon Nadiyedi
Statement of responsibility, etc. by Mausum Baruah
250 ## - EDITION STATEMENT
Edition statement 1st.
260 ## - PUBLICATION, DISTRIBUTION, ETC.
Place of publication, distribution, etc. Dibrugarh:
Name of publisher, distributor, etc. Jyotiban Prakashan,987.
300 ## - PHYSICAL DESCRIPTION
Extent 30p:
Dimensions 23cm.
653 ## - INDEX TERM--UNCONTROLLED
Uncontrolled term Assamese poem
653 ## - INDEX TERM--UNCONTROLLED
Uncontrolled term Mon Nadiyedi
942 ## - ADDED ENTRY ELEMENTS (KOHA)
Koha item type Books
Holdings
Withdrawn status Lost status Damaged status Not for loan Home library Current library Shelving location Date acquired Total checkouts Full call number Barcode Date last seen Copy number Price effective from Koha item type
        Naharkatiya College Library Naharkatiya College Library General stacks 09/19/2020   891.4511 | BAR 10833 09/19/2020 1 09/19/2020 Books